載入...
Indian economy
| 主要作者: | |
|---|---|
| 格式: | Printed Book |
| 出版: |
S Chand & Co. Ltd., New Delhi
1978
|
| 版: | 14 |
| 主題: |
| LEADER | 00576nam a2200193 4500 | ||
|---|---|---|---|
| 020 | |||
| 082 | |a 338.954 DAT-I14 | ||
| 100 | |a Datt, Ruddar; Sundharam, K P M | ||
| 245 | |a Indian economy | ||
| 250 | |a 14 | ||
| 260 | |a S Chand & Co. Ltd., New Delhi |c 1978 | ||
| 300 | |a 730 | ||
| 490 | |||
| 500 | |||
| 590 | |a Rajeev | ||
| 650 | |a India-economic development and growth-- Economic planning-- Production economics | ||
| 942 | |c BK | ||
| 999 | |c 113800 |d 113800 | ||
| 952 | |0 0 |1 0 |4 0 |6 338_954000000000000_DATI14 |7 0 |9 127267 |a ECN |b ECN |l 0 |o 338.954 DAT-I14 |p ECN10822 |r 2019-09-25 |w 2019-09-25 |y BK | ||